La Democracia y la paz /
Se formula un pequeño resumen sobre la historia de la democracia y su origen en Grecia, también enfoca los principios fundamentales de ésta, el valor del individuo, la dignidad, las ideas de igualdad y de libertad; igualdad ante la ley, de voto sin discriminación de sexo y otras razones. Estudia la...
Salvato in:
| Autore principale: | |
|---|---|
| Natura: | testo |
| Lingua: | Spanish |
| Soggetti: | |
| Tags: |
Aggiungi Tag
Nessun Tag, puoi essere il primo ad aggiungerne!!
|
MARC
| LEADER | 00000 a a2200000 04500 | ||
|---|---|---|---|
| 001 | 473 | ||
| 003 | cru CIDCACS/IIS | ||
| 005 | 20230110114320.0 | ||
| 008 | 230110b |||||||| |||| 00| 0 spa d | ||
| 040 | |c cru CIDCACS/IIS | ||
| 100 | |a Obando y Bravo, Miguel | ||
| 245 | |a La Democracia y la paz / |c Miguel Obando y Bravo | ||
| 520 | |a Se formula un pequeño resumen sobre la historia de la democracia y su origen en Grecia, también enfoca los principios fundamentales de ésta, el valor del individuo, la dignidad, las ideas de igualdad y de libertad; igualdad ante la ley, de voto sin discriminación de sexo y otras razones. Estudia la división de la democracia en lo social: para tener derecho a una mejor posición e igualdad ante la ley; en lo económico: que da oportunidad de progreso y en lo político: donde debe haber elección por mayoría para evitar el conflicto. Concluye que un gobierno dictatorial tiene dos opciones: 1.- permitir que un pueblo se rebele o 2.- optar por el terror para manejarlo y poseer el poder. Solamente por medio de las elecciones, la mayoría puede dar su opinión política a los dictadores y considera el autor, que en teoría un "dictador benevolente" puede ofrecer un margen de prosperidad, pero nunca ofrecerá libertad. VJ/JM | ||
| 650 | |a DEMOCRACIA | ||
| 650 | |a LIBERTADES CIVILES | ||
| 650 | |a ELECCIONES | ||
| 650 | |a PARTICIPACION POLITICA | ||
| 650 | |a PODER POLITICO | ||
| 650 | |a DERECHOS CIVILES | ||
| 650 | |a DERECHO ECONOMICO | ||
| 650 | |a PARTIDOS POLITICOS | ||
| 773 | |g número 58; páginas 28-30 | ||
| 773 | 0 | |0 43158 |9 4967 |a Centro Ecuménico Antonio Valdivieso |d Managua, Nicaragua: Centro Ecuménico Antonio Valdivieso |o 07635 |t Amanecer: | |
| 942 | |2 ddc |c PP | ||
| 999 | |c 27864 |d 27864 | ||
